00339 a2200109 4500001001000000005001700010008004100027245004900068100002200117773007300139999001700212ART_4629020260410161925.0260409a 10aCollege scholarship rules and private saving1 aFeldstein, Martin0 tThe American Economic Reviewg- Vol. 85, NÂș 3 (jun. 1995)wREV16190 c28086d28086